| Tag |
First Indicator |
Second Indicator |
Subfields |
| LEADER |
00000cam a2200000 i 4500 |
| 001 |
in00003421621 |
| 006 |
m o d |
| 007 |
cr cn||||||||| |
| 008 |
130429s2014 enka ob 001 0deng|d |
| 005 |
20250816205546.4 |
| 020 |
|
|
|z 9780415521635 (pbk.)
|
| 020 |
|
|
|z 9780415521628
|
| 020 |
|
|
|a 9781315884295 (e-book)
|
| 035 |
|
|
|a (CaPaEBR)ebr10792385
|
| 040 |
|
|
|a CaPaEBR
|b eng
|e rda
|e pn
|c CaPaEBR
|d UtOrBLW
|
| 050 |
1 |
4 |
|a BF109.L28
|b L3165 2014eb
|
| 082 |
0 |
4 |
|a 150.19/5092
|2 23
|
| 245 |
0 |
0 |
|a Lacan, discourse, event :
|b new psychoanalytic approaches to textual indeterminacy /
|c edited by Ian Parker and David Pavón-Cuéllar.
|
| 264 |
|
1 |
|a Hove, East Sussex :
|b Routledge,
|c 2014.
|
| 300 |
|
|
|a 1 online resource (380 pages) :
|b illustrations
|
| 336 |
|
|
|a text
|b txt
|2 rdacontent
|
| 337 |
|
|
|a computer
|b c
|2 rdamedia
|
| 338 |
|
|
|a online resource
|b cr
|2 rdacarrier
|
| 504 |
|
|
|a Includes bibliographical references and index.
|
| 505 |
0 |
|
|a part I. Lacan, and foundations of a new research paradigm -- part II. Discourse, and the elaboration of concepts for analysis -- part III. Event, and analysis of indeterminacy in discourse.
|
| 588 |
|
|
|a Description based on print version record.
|
| 500 |
|
|
|a Electronic resource.
|
| 600 |
1 |
0 |
|a Lacan, Jacques,
|d 1901-1981.
|
| 650 |
|
0 |
|a Psychoanalysis.
|
| 650 |
|
0 |
|a Discourse analysis.
|
| 655 |
|
7 |
|a Electronic books.
|2 local
|
| 700 |
1 |
|
|a Parker, Ian,
|d 1956-
|
| 700 |
1 |
|
|a Pavón Cuéllar, David.
|
| 710 |
2 |
|
|a ebrary, Inc.
|
| 776 |
0 |
8 |
|i Print version:
|t Lacan, discourse, event : new psychoanalytic approaches to textual indeterminacy.
|d Hove, East Sussex : Routledge, 2014
|h xiv, 364 pages
|z 9780415521628
|w (DLC) 2013016478
|
| 856 |
4 |
1 |
|u https://ebookcentral.proquest.com/lib/tamucs/detail.action?docID=1524196
|y Connect to the full text of this electronic book
|t 0
|
| 999 |
f |
f |
|s f8f69b96-80f2-3d1b-bce1-577fc164703b
|i 6eef9250-8bdd-34c1-b81c-365c2346bf4c
|t 0
|
| 999 |
|
|
|a MARS
|
| 952 |
f |
f |
|a Texas A&M University
|b College Station
|c Electronic Resources
|d Available Online
|t 0
|e BF109.L28 L3165 2014eb
|h Library of Congress classification
|
| 998 |
f |
f |
|a BF109.L28 L3165 2014eb
|t 0
|l Available Online
|